Famous Foursome Safe Cracker Quiz Stats

Quiz Updated Nov 1, 2014

Challenge
Share
Tweet
Embed
Score 0/50 Timer 03:00
0 Plays Today
Answer % Correct
???
100%
???
98.2%
???
97.9%
???
97.8%
???
97.8%
???
94.9%
???
93.7%
???
93.6%
???
93.6%
???
93.6%
???
93.2%
???
89.5%
???
89%
???
88.5%
???
88.2%
???
88%
???
84.4%
???
84%
???
83.7%
???
83.6%
???
83.4%
???
74%
???
71.1%
???
69.7%
???
68.6%
Answer % Correct
???
68.3%
???
66.8%
???
66.2%
???
65.8%
???
65.5%
???
65.1%
???
52.2%
???
50.4%
???
49.8%
???
48.9%
???
48.5%
???
43.4%
???
42.4%
???
41.2%
???
40.6%
???
40%
???
34%
???
32.7%
???
31.9%
???
31.3%
???
30.4%
???
25.7%
???
23.1%
???
21.8%
???
20.8%

You're not logged in!

Compare scores with friends on all Sporcle quizzes.
Sign Up with Email
OR
Log In

You Might Also Like...

Show Comments

Extras

Top Quizzes Today


Score Distribution

Your Account Isn't Verified!

In order to create a playlist on Sporcle, you need to verify the email address you used during registration. Go to your Sporcle Settings to finish the process.